Street children of Mongolia : (Record no. 88341)

MARC details
000 -LEADER
fixed length control field 00637nam a22001937a 4500
005 - DATE AND TIME OF LATEST TRANSACTION
control field 20140909111828.0
010 ## - LCCN (DPL NO)
LC control number ENG-110780
020 ## - INTERNATIONAL STANDARD BOOK NUMBER
International Standard Book Number 9788175417229
Terms of availability 600.00
035 ## - SYSTEM CONTROL NUMBER
System control number EN-94312
037 ## - SOURCE OF ACQUISITION
Source of stock number/acquisition DBAD/PUB
082 ## - DEWEY DECIMAL CLASSIFICATION NUMBER
Classification number 305.23
100 ## - MAIN ENTRY--PERSONAL NAME
Personal name Maqsooda S.Sarfi
245 ## - TITLE STATEMENT
Title Street children of Mongolia :
Remainder of title a perspective /
Statement of responsibility, etc by Maqsooda S.Sarfi
260 ## - PUBLICATION, DISTRIBUTION, ETC. (IMPRINT)
Place of publication, distribution, etc Delhi
Name of publisher, distributor, etc Shipra Publications
Date of publication, distribution, etc 2014
270 ## - ADDRESS
Address LG 18-19, Pankaj Central Market, I.P. Ext., Patparganj
City Delhi
Postal code 110092
300 ## - PHYSICAL DESCRIPTION
Extent x,108p. :
Dimensions 22cm(Hb)
Other physical details ill.
500 ## - GENERAL NOTE
General note Includes bibliographical references and index
942 ## - ADDED ENTRY ELEMENTS (KOHA)
Source of classification or shelving scheme Dewey Decimal Classification
Item type English Books
Classification part 305.23
Call number suffix MAQ
Holdings
Withdrawn status Lost status Not for loan Collection code Home library Current library Date acquired Source of acquisition Cost, normal purchase price Full call number Barcode Copy number Cost, replacement price Koha item type
    Not For Loan Non-fiction D.B.Act.Division D.B.Act.Division 05/09/2014 DBAD/PUB 600.00 305.23 MAQ EN-94312 1 600.00 English Books

© Delhi Public Library
Hit Counter
free hit counter